[Event "SAIF POWERTEC 45th BAN Ch 2019"]
[Site "Dhaka"]
[Date "2019.11.09"]
[Round "8.5"]
[White "Ahmed, Sheikh Nasir"]
[Black "Hossain, Enamul"]
[Result "0-1"]
[WhiteElo "2186"]
[BlackElo "2433"]
[Annotator "TA"]
[PlyCount "52"]
[EventDate "2019.11.02"]
[EventType "swiss"]
[EventCountry "BAN"]
[SourceTitle "playchess.com"]
[Source "ChessBase"]
[SourceQuality "1"]

{[%evp 12,52,26,16,28,18,18,23,18,22,23,22,43,40,80,37,64,0,20,16,14,0,64,-16,-4,-6,70,-11,0,-11,0,-2,-22,-113,-98,-93,-113,-163,-161,-191,-196,-508,-504]} 1. e4 c5 2. Nf3 Nc6 3. Bb5 g6 4. Bxc6 dxc6 5. d3 Bg7 6. h3 Nf6 7. O-O b6 {B31: Sicilian: 2...Nc6 3 Bb5 g6} 8. Nc3 Nd7 9. Nh2 (9. a3 a5 10. Nd2 e5 11. Nc4 O-O 12. f4 exf4 13. Bxf4 Ba6 14. Bd6 Re8 15. Qf3 Bxc4 16. dxc4 {0-1 (34) Jumabayev,R (2602)-Le,Q (2714) St Petersburg 2018}) 9... e5 {White has an edge.} 10. f4 $146 ({Predecessor:} 10. Be3 Qe7 11. Qd2 h6 12. a3 a5 13. Ne2 Ba6 14. Rfd1 f5 15. exf5 gxf5 {0-1 (44) Bottema,T (2247)-Brown,A (2202) Haarlem 2011}) 10... exf4 11. Bxf4 Nf8 12. Qd2 h6 13. Kh1 Be6 14. Nf3 g5 15. Bg3 Ng6 16. Rae1 Qd7 (16... g4 $11 17. hxg4 h5) 17. Nd1 (17. e5 $14) 17... O-O-O $11 18. Ne3 f6 (18... g4 $11 19. hxg4 h5) 19. Nf5 (19. Qe2 $14) 19... Bxf5 20. exf5 Ne7 21. Bh2 Nxf5 22. b4 (22. Qf2 $11 {remains equal.}) 22... cxb4 $17 23. Qxb4 {[#]} Rhe8 $1 24. Re4 {[#]} Ne3 $1 25. Rc1 f5 26. Ne5 $2 (26. Rxe8 Rxe8 27. Re1) 26... Rxe5 {Accuracy: White = 18%, Black = 58%.} 0-1

[Event "SAIF POWERTEC 45th BAN Ch 2019"]
[Site "Dhaka"]
[Date "2019.11.09"]
[Round "8.6"]
[White "Mohammad, Javed"]
[Black "Chatterjee, Debaraj"]
[Result "1-0"]
[WhiteElo "2141"]
[BlackElo "2250"]
[Annotator "TA"]
[PlyCount "63"]
[EventDate "2019.11.02"]
[EventType "swiss"]
[EventCountry "BAN"]
[SourceTitle "playchess.com"]
[Source "ChessBase"]
[SourceQuality "1"]

{[%evp 16,63,7,9,1,5,2,0,0,0,0,0,57,0,14,0,0,0,7,0,29,40,102,110,170,143,185,191,251,250,415,375,817,791,1234,1191,1356,1343,1309,1031,1347,1308,1229,1000,1048,1050,1760,1704,1515,938]} 1. e4 c5 2. Nf3 d6 3. d4 cxd4 4. Nxd4 Nf6 5. Nc3 a6 6. Bg5 e6 7. f4 h6 8. Bh4 Qb6 9. a3 Be7 {B96: Sicilian Najdorf: 6 Bg5 e6 7 f4, lines other than 7...Qb6 and 7...Be7} 10. Bf2 {Nxe6! is the strong threat.} Qc7 $1 11. Qf3 Nbd7 {The position is equal.} 12. O-O-O b5 13. g4 Bb7 (13... g5 $11) 14. h4 {Black must now prevent g5.} Nc5 {[%cal Rc5e4]} 15. Bd3 d5 {[%cal Rd5e4]} 16. e5 $36 {[%mdl 2048] White fights for an advantage.} Nfe4 {Strongly threatening ...Nxc3.} 17. Be1 {[#]} Rc8 $146 18. Kb1 Nxc3+ (18... Nxd3 $14 19. Qxd3 Bc5) 19. Bxc3 $16 Nxd3 (19... Ne4 $16 {was called for.}) 20. Rxd3 Qb6 21. f5 Rc4 (21... a5 $142) 22. Rf1 Rf8 $2 (22... Bc8 {was necessary.} 23. b3 Rc7) 23. g5 $18 a5 $2 (23... Bc8 24. gxh6 gxh6 25. fxe6 Bxe6 26. Nxe6 fxe6 27. Qh5+ {[%mdl 64] Double Attack} Kd7 28. Rxf8 Bxf8 29. Qf7+ {[%mdl 64] Double Attack} Be7) 24. fxe6 {White is clearly winning.} fxe6 25. Qh5+ {[%mdl 64] Double Attack} Kd7 26. Rxf8 Bxf8 27. Qf7+ Be7 {[#]} 28. Bxa5 $1 {[%mdl 576] Deflection} Qxa5 29. Qxe6+ {[%mdl 64] Double Attack} Kd8 30. Nf5 Qe1+ {[#]} 31. Ka2 $1 {[%mdl 512]} Rc7 32. Rc3 {Accuracy: White = 89%, Black = 36%.} 1-0

[Event "SAIF POWERTEC 45th BAN Ch 2019"]
[Site "Dhaka"]
[Date "2019.11.09"]
[Round "8.7"]
[White "Mehdi Hasan Parag"]
[Black "Md., Sharif Hossain"]
[Result "1/2-1/2"]
[WhiteElo "2162"]
[BlackElo "2148"]
[Annotator "TA"]
[PlyCount "158"]
[EventDate "2019.11.02"]
[EventType "swiss"]
[EventCountry "BAN"]
[SourceTitle "playchess.com"]
[Source "ChessBase"]
[SourceQuality "1"]

{[%evp 13,158,9,36,21,49,19,38,-16,-33,-31,-14,-9,-27,-36,-36,-36,-36,-36,-31,-36,22,10,42,14,112,43,40,22,13,21,100,91,138,18,135,166,182,137,241,218,576,552,528,514,595,601,668,685,679,594,669,653,599,566,548,283,634,627,600,584,559,535,347,146,126,118,116,121,292,391,379,378,369,364,349,267,431,427,433,81,82,25,64,0,0,0,0,0,0,0,0,0,0,0,0,0,0,0,0,0,0,0,0,0,0,0,0,0,0,0,0,0,0,0,0,0,0,0,0,0,0,0,0,0,0,0,0,0,0,0,0,0,0,0,0,0,0,0,0,0,0,0,0,0,0,0,0]} 1. e4 c5 2. Nf3 Nc6 3. d4 cxd4 4. Nxd4 Nf6 5. Nc3 d6 6. Bc4 e6 7. Be3 Bd7 8. Bb3 {B89: Sicilian: Velimirovic Attack} (8. Qe2 a6 9. O-O-O b5 10. Nxc6 Bxc6 11. Bb3 Qc7 12. Bd4 Be7 13. Bxf6 Bxf6 14. Nd5 Bxd5 15. exd5 e5 16. h4 O-O 17. g4 {0-1 (29) Kadric,D (2562)-Kozul,Z (2614) Bihac 2016}) 8... Na5 9. Qe2 a6 10. g4 (10. f4 $14) 10... e5 $11 11. Nf5 Nxb3 12. axb3 g6 13. g5 gxf5 14. gxf6 f4 15. Bd2 Bc6 (15... Qxf6 $2 16. Nd5 $18) 16. b4 $146 ({Predecessor:} 16. Qd3 Qxf6 17. Nd5 Bxd5 18. Qxd5 {½-½ (42) Vavra,P (2338)-Trichkov,V (2342) Czechia 2007}) 16... b5 (16... Qxf6 $2 17. b5 $18) (16... Rg8 $15) 17. Nd5 Bxd5 18. exd5 Qb6 (18... Qxf6 $11 {keeps the balance.} 19. Rxa6 Rb8) 19. O-O-O (19. Bxf4 $1 $16 Qd4 {[%mdl 64] Double Attack} 20. Rxa6 Qxd5 21. Rxa8+ Qxa8 22. O-O (22. Qxb5+ Kd8 $11) 22... Rg8+ 23. Bg3) 19... O-O-O 20. Rhg1 h5 21. Be1 Rh6 {[#]} (21... Kb7 $11 {remains equal.}) 22. Rd3 $1 $16 Rxf6 {[#]} 23. Qxh5 (23. Rc3+ $1 $16 Kb7 24. Rc6) 23... Be7 (23... Kb7 $11) 24. Rg7 Qb7 25. f3 (25. Rxf7 $6 Rxf7 26. Rc3+ (26. Qxf7 Bf8 $16) 26... Kb8 $16) 25... Qd7 (25... Kb8 $16 {was necessary.} 26. Rxf7 Rxf7 27. Qxf7 Rh8) 26. Bf2 ({Weaker is} 26. Rxf7 Rxf7 27. Qxf7 Rf8 $16) 26... Qf5 $2 (26... Kb7 {is more resistant.} 27. Rc3 (27. Rxf7 Rxf7 28. Qxf7 Rf8 $14) 27... Rf8) 27. Rg5 Qd7 28. Rc3+ {[%cal Bd3c3,Bc3c6,Bc6b6][%mdl 32]} Kb7 29. Rc6 Ra8 30. Rb6+ Kc7 31. Qh7 Rg6 32. Rxg6 fxg6 33. Qxg6 Qh3 34. Qd3 Qxh2 $2 (34... Qg2) 35. Qc3+ $18 Kd8 36. Rb7 Ke8 37. Qc7 {[%csl Gb7][%cal Rc7e7]} Qh7 38. Qc6+ $40 {[%mdl 128] White attacks with force.} (38. Kb1 $18) 38... Kf8 $16 39. Rxe7 Qh1+ 40. Kd2 {Threatening mate with Rd7.} Kxe7 $2 {[%mdl 4096] Endgame KQR-KQB} (40... Qxf3 $16 41. Qxa8+ Kxe7 42. Qa7+ Kf6) 41. Qb7+ $18 ({But not} 41. Qxa8 $6 Qxf3 42. Qa7+ Kf6 $18) 41... Kf6 42. Qxa8 Qxf3 43. Qf8+ Kg5 44. Qg8+ Kf5 $2 (44... Kh6 45. Bb6 e4) 45. Bb6 {Hoping for Qe6+.} Qh5 46. Qg2 $2 (46. b3 $18 {and White stays clearly on top.} Qh2+ 47. Kc1) 46... e4 $16 47. Bd4 ({Better is} 47. Qf2 $16) 47... e3+ $11 48. Bxe3 (48. Kc3 $14) 48... fxe3+ {The position is equal.} 49. Kxe3 $14 {And now Qe4+ would win. KQ-KQ} Qh4 50. c3 Qf4+ 51. Kd3 Qc4+ 52. Ke3 {Qf3+ is the strong threat.} Qf4+ 53. Kd3 Qc4+ 54. Ke3 {Black must now prevent Qf3+.} Qh4 55. Qg8 Qh3+ 56. Kd2 Qh2+ 57. Kd3 Qh3+ 58. Kd4 {White threatens Qc8+ and mate.} Qh4+ 59. Kd3 {Threatens to win with Qe6+.} Qe4+ 60. Kd2 Qf4+ 61. Kc2 Qf2+ 62. Kb3 {White wants to mate with Qf8+.} Qe2 63. Qf7+ Kg5 64. Qg7+ Kf5 65. Qf7+ Kg5 66. Qg7+ Kf5 67. Qd4 (67. Qh7+ {seems wilder.} Kf6 68. Qh8+ Kf5 69. Qh3+ Kf4 70. Ka3) 67... Qe4 {Strongly threatening ...Qxd4.} 68. Qxe4+ (68. Qd1 {is interesting.} Ke5 69. Qh5+ Qf5 70. Qxf5+ Kxf5 71. c4) 68... Kxe4 $11 {KP-KP} 69. Kc2 Ke3 70. b3 Ke4 71. Kd2 Kxd5 {K3P-K3P} 72. Ke3 $1 Ke5 73. Kf3 Kf5 74. Ke3 Ke5 75. c4 bxc4 76. bxc4 d5 77. c5 d4+ 78. Kd2 Kd5 79. Kd3 a5 {Accuracy: White = 43%, Black = 55%.} 1/2-1/2

[Event "SAIF POWERTEC 45th BAN Ch 2019"]
[Site "Dhaka"]
[Date "2019.11.09"]
[Round "8.8"]
[White "Md Emdadul, Haque"]
[Black "Abu Sufian, Shakil"]
[Result "1/2-1/2"]
[WhiteElo "2070"]
[BlackElo "2254"]
[Annotator "RC"]
[PlyCount "97"]
[EventDate "2019.11.02"]
[EventType "swiss"]
[EventCountry "BAN"]
[SourceTitle "playchess.com"]
[Source "ChessBase"]
[SourceQuality "1"]
[TimeControl "40/5400+30:1800+30"]

1. d4 {[%emt 0:00:00]} d5 {[%emt 0:11:07]} 2. Nf3 {[%emt 0:00:00]} Nf6 {[%emt 0:00:02]} 3. Bf4 {[%emt 0:00:27]} c5 {[%emt 0:00:17]} 4. c3 {[%emt 0:00:15]} Qb6 {[%emt 0:01:16]} 5. Qb3 {[%emt 0:01:10]} Nc6 {[%emt 0:01:20]} 6. e3 {[%emt 0:00:54]} c4 {[%emt 0:00:14]} 7. Qc2 {[%emt 0:00:55]} Bf5 {[%emt 0:00:11]} 8. Qc1 {[%emt 0:00:38]} e6 {[%emt 0:00:40]} 9. Nbd2 {[%emt 0:00:41]} Qd8 {[%emt 0:00:53]} 10. Be2 {[%emt 0:01:13]} h6 {[%emt 0:01:21]} 11. h3 {[%emt 0:02:10]} Be7 {[%emt 0:00:26]} 12. Bh2 {[%emt 0:03:28]} O-O {[%emt 0:01:41]} 13. O-O {[%emt 0:02:58]} Bd6 {[%emt 0:01:22]} 14. Bxd6 {[%emt 0:03:20]} Qxd6 {[%emt 0:00:02]} 15. Nh4 {[%emt 0:00:33]} Bh7 {[%emt 0:00:18]} 16. f4 {[%emt 0:00:56]} b5 {[%emt 0:07:16]} 17. Nhf3 {[%emt 0:01:13]} Nd7 {[%emt 0:07:10]} 18. g4 {[%emt 0:00:59]} g5 {[%emt 0:04:00]} 19. Ne5 {[%emt 0:01:32]} Ncxe5 {[%emt 0:01:08]} 20. fxe5 {[%emt 0:01:27]} Qc7 {[%emt 0:02:11]} 21. Qe1 {[%emt 0:05:27]} f6 {[%emt 0:02:50]} 22. exf6 {[%emt 0:01:06]} Nxf6 {[%emt 0:06:54]} 23. Nf3 {[%emt 0:00:58]} Ne4 {[%emt 0:01:45]} 24. Ne5 {[%emt 0:00:56]} Rxf1+ {[%emt 0:00:15]} 25. Bxf1 {[%emt 0:00:15]} Rf8 {[%emt 0:00:26]} 26. Bg2 {[%emt 0:00:19]} Nc5 {[%emt 0:12:06]} 27. Qg3 {[%emt 0:09:54]} Na4 {[%emt 0:09:45]} 28. Rf1 {[%emt 0:00:56]} Rxf1+ {[%emt 0:00:15]} 29. Bxf1 {[%emt 0:00:44]} Kg7 {[%emt 0:02:51]} 30. Qh2 {[%emt 0:04:49]} a5 {[%emt 0:01:26]} 31. a3 {[%emt 0:02:34]} Bg6 {[%emt 0:04:02]} 32. h4 {[%emt 0:02:50]} Nb6 {[%emt 0:07:04]} 33. Be2 {[%emt 0:03:07]} Nc8 {[%emt 0:01:29]} 34. Bd1 {[%emt 0:03:57]} Ne7 {[%emt 0:01:27]} 35. h5 {[%emt 0:04:41]} Be8 {[%emt 0:04:02]} 36. Bc2 {[%emt 0:05:37]} Ng8 {[%emt 0:00:21]} 37. e4 {[%emt 0:07:42]} dxe4 {[%emt 0:02:14]} 38. Bxe4 {[%emt 0:00:33]} Nf6 {[%emt 0:00:05]} 39. Qe2 {[%emt 0:02:31]} b4 {[%emt 0:03:30]} 40. axb4 {[%emt 0:00:00]} axb4 {[%emt 0:00:00]} 41. Bf3 {[%emt 0:07:01]} bxc3 {[%emt 0:08:20]} 42. bxc3 {[%emt 0:00:17]} Nd5 {[%emt 0:01:05]} 43. Bxd5 {[%emt 0:05:32]} exd5 {[%emt 0:00:01]} 44. Kg2 {[%emt 0:01:54]} Qb7 {[%emt 0:01:14]} 45. Qf3 {[%emt 0:09:10]} Qb2+ {[%emt 0:03:16]} 46. Kh3 {[%emt 0:01:04]} Qd2 {[%emt 0:01:09]} 47. Kg3 {[%emt 0:05:59]} Qe1+ {[%emt 0:00:12]} 48. Kh3 {[%emt 0:00:10]} Qd2 {[%emt 0:00:10]} 49. Kg3 {[%emt 0:29:38]} 1/2-1/2

[Event "SAIF POWERTEC 45th BAN Ch 2019"]
[Site "Dhaka"]
[Date "2019.11.09"]
[Round "8.9"]
[White "Islam, Khandaker Aminul"]
[Black "Rahman, Syed Mahfuzur"]
[Result "1-0"]
[WhiteElo "2229"]
[BlackElo "2156"]
[Annotator "TA"]
[PlyCount "75"]
[EventDate "2019.11.02"]
[EventType "swiss"]
[EventCountry "BAN"]
[SourceTitle "playchess.com"]
[Source "ChessBase"]
[SourceQuality "1"]

{[%evp 9,75,10,36,44,58,28,75,66,111,101,103,77,106,53,54,56,66,65,70,0,6,21,14,15,12,0,0,-20,-11,-31,-25,-46,-52,-61,0,0,0,-2,43,37,31,36,54,36,104,13,21,0,0,0,0,0,204,207,262,255,264,258,254,223,299,251,337,289,304,287,522,529]} 1. d4 d5 2. Bf4 c5 3. e3 Nc6 4. c3 Qb6 5. Qb3 c4 (5... Nf6 6. Nd2 c4 7. Qc2 Nh5 8. Bg5 h6 9. Bh4 g5 10. Be2 Ng7 11. Bg3 Bf5 12. Qc1 e6 {1-0 (41) Carlsen,M (2832)-So,W (2812) Leuven 2017}) 6. Qc2 {D00: 1 d4 d5: Unusual lines} g6 7. Nd2 Bf5 $146 ({Predecessor:} 7... Nf6 8. e4 Nxe4 9. Nxe4 dxe4 10. Bxc4 Bf5 11. Be3 Na5 12. d5 Qc7 {1-0 (41) Jumabayev,R (2606)-Noah,A (2361) Hamedan 2018}) 8. e4 {White is better.} Bxe4 9. Nxe4 dxe4 10. Bxc4 Nf6 11. Ne2 (11. d5 $16 Nb8 12. f3) 11... Bg7 $14 12. Ng3 O-O 13. O-O Rac8 14. Qb3 (14. Rfd1 $14) 14... Na5 $11 15. Qxb6 axb6 {[%cal Ba7b6,Bb6b5][%mdl 32]} 16. Bb5 Nd5 17. Bc1 f5 18. f3 exf3 19. gxf3 Nc7 20. Ba4 b5 21. Bd1 e5 (21... b4 $15 22. cxb4 Nc6) 22. dxe5 Bxe5 23. a4 Ra8 24. axb5 Nxb5 25. Bh6 Rfd8 26. Bg5 Rdc8 {[#]} (26... Rf8 $14) 27. Ne2 ({Better is} 27. Re1 $1 $16 {[%cal Re1e5]} Bxg3 28. hxg3) 27... Kg7 28. Ba4 Nd6 29. Bd7 Rc7 30. Be6 $36 {[%mdl 2048] White is more active.} Ra6 $2 {[#]} (30... Re8 $11 {and Black has nothing to worry.}) 31. Bd8 $18 Nb5 32. Bxc7 Nxc7 33. Bc8 Nc4 34. Rxa6 bxa6 35. Rd1 {Strongly threatening f4.} Kf8 36. b3 Nb6 37. Bb7 Nb5 $2 (37... Ke7 38. Kg2 Ne6 39. Bxa6 Nc5) 38. c4 {Accuracy: White = 57%, Black = 42%.} 1-0

[Event "SAIF POWERTEC 45th BAN Ch 2019"]
[Site "Dhaka"]
[Date "2019.11.09"]
[Round "8.10"]
[White "Hossain, Delwar"]
[Black "Mohammed Abdul, Malek"]
[Result "1/2-1/2"]
[WhiteElo "2092"]
[BlackElo "2196"]
[Annotator "TA"]
[PlyCount "229"]
[EventDate "2019.11.02"]
[EventType "swiss"]
[EventCountry "BAN"]
[SourceTitle "playchess.com"]
[Source "ChessBase"]
[SourceQuality "1"]

{[%evp 17,229,37,48,23,33,48,72,33,32,0,0,-15,-9,-13,-14,-23,-14,-24,-24,-27,-22,-31,-41,-70,-50,-89,-108,-146,-133,-135,-133,-163,-138,-144,-138,-177,-171,-155,-157,-163,-145,-189,-119,-112,-112,-110,-123,-120,-101,-137,-105,-128,-131,-143,-131,-136,-135,-108,-115,-118,-25,-77,0,0,0,0,8,0,0,0,0,0,0,-130,-136,-110,-77,-99,-48,-48,-36,-49,-36,-36,-36,-36,-36,-36,-36,-36,-36,-36,-36,-36,-26,-48,-48,-48,-8,-8,-8,-8,0,-3,0,0,0,0,0,0,0,0,0,0,0,0,0,0,0,0,0,-22,-22,-22,-22,-22,-22,-22,-22,-22,-22,-36,-30,-30,-30,-36,-36,-44,-36,-36,-36,-29948,-36,-48,-48,-11741,-48,-48,-36,-36,-36,-48,-22,-22,-22,-22,-22,-22,-22,-22,0,0,0,0,0,0,0,0,0,0,0,0,0,0,0,0,0,0,0,0,0,0,0,0,0,0,0,0,0,0,0,0,0,0,0,0,0,0,0,0,0,0,0,0,0,0,0,0,0,0,0,0,0,0]} 1. d4 Nf6 2. c4 g6 3. Nc3 Bg7 4. g3 O-O 5. Bg2 d6 6. Nf3 c6 7. O-O Qc7 8. e4 Nbd7 9. Re1 e5 10. d5 {E68: King's Indian: Fianchetto: 6...Nbd7 7 0-0 e5 8 e4} (10. h3 b6 11. b3 Bb7 12. Ba3 Rad8 13. Qc2 c5 14. dxc5 Nxc5 15. Rad1 Bc6 16. b4 Nb7 17. Bb2 Bd7 18. Qb3 {1-0 (40) Teterev,V (2501)-Jensson,E (2349) Bilbao 2014}) 10... cxd5 11. cxd5 a6 12. h3 $146 {White is better.} ({Predecessor:} 12. a4 Nc5 13. b4 Ncd7 14. Bb2 Qc4 15. Qd2 Qxb4 16. Ba3 Qb6 17. a5 Qc7 {1-0 (32) Lesovoi,E (2331)-Kovalenko,K (1882) St Petersburg 2017}) 12... b5 13. a3 Nb6 14. Qe2 Bd7 15. Bg5 h6 16. Bxf6 (16. Bd2 {is interesting.} Nc4 17. Bc1 Rfc8 18. Nd2 Nb6 19. Nf1) 16... Bxf6 17. Rac1 {Black should prevent Nxb5.} Qb7 18. b3 Rac8 19. Qe3 Kg7 20. Ne2 a5 21. g4 a4 22. Ng3 axb3 23. Qxb3 Na4 24. Qb4 Nc5 25. Bf1 Ra8 26. Rb1 Ra4 27. Qb2 Qa7 28. Re3 Rb8 29. Qc1 Qa5 (29... Rc8 $19 30. Rc3 Qa5) 30. Kg2 $17 b4 31. axb4 Rbxb4 32. Rxb4 Qxb4 33. Qe1 Qb6 34. Qc1 Rb4 35. Qa1 Rb1 36. Qa3 Bb5 37. Bxb5 Qxb5 38. h4 Rd1 (38... Qd7 $17 39. g5 hxg5) 39. h5 (39. Qa7 $11 {keeps the balance.}) 39... Nd3 {[#]} (39... Qd7 $17 40. Kh3 Kh7) 40. Rxd3 $1 $11 {[%mdl 512]} Rxd3 (40... Qxd3 41. Qxd6 Qb5 42. g5 $18 (42. Nxe5 Qe8 $14)) 41. Qxd6 {Strongly threatening g5.} Qe8 42. g5 Bxg5 43. hxg6 fxg6 44. Nxe5 Bf4 45. Qd7+ (45. Qc7+ $11 Kg8 46. d6 Qxe5 47. Qc4+ {[%mdl 64] Double Attack} Kh7 48. Qxd3 Qxd6 49. Qd5) 45... Qxd7 $17 46. Nxd7 Bxg3 47. fxg3 {[%mdl 4096] Endgame [#] KR-KN} h5 ({Black should try} 47... Re3 $1 $17 {[%cal Re3e4]} 48. e5 Kf7) 48. Kf2 $1 $15 g5 49. Ne5 Rc3 50. d6 $1 {[%cal Rd6d7] aiming for d7.} Kf6 51. d7 Ke7 {Threatens to win with ...Rc5.} 52. d8=Q+ {[%mdl 64] Decoy} Kxd8 53. Nf7+ $1 Ke7 54. Nxg5 Kf6 55. Nf3 Ke6 56. Ke2 Kd6 57. Kf2 Kc5 58. Ng1 Ra3 {And now ...Kd4 would win.} 59. Ne2 Kc4 60. Nf4 h4 61. gxh4 Kd4 62. h5 Kxe4 63. Ne6 Kf5 64. Nd4+ Kg5 65. h6 Kxh6 66. Nf3 Kh5 67. Kg3 Ra4 68. Ne5 Kg5 69. Nf3+ Kf5 70. Nh4+ Ke4 71. Kg4 Ra8 72. Kg5 $1 Rf8 73. Ng6 $1 Rf5+ 74. Kh6 Ra5 75. Kg7 Kf5 76. Ne7+ Ke6 77. Ng6 {[#]} Rg5 $1 78. Kh6 Kf6 79. Nf4 $2 {[%mdl 8192]} (79. Nh4 $15) 79... Rg4 $2 (79... Kf5 {mates} 80. Nd5 Rg3 81. Ne7+ Kf6 82. Nd5+ Ke6 83. Nc7+ Kf5 84. Nd5 Rd3 85. Nb4 Rd6+ 86. Kg7 Rd7+ 87. Kf8 Ke6 88. Nc6 Rd6 89. Nb4 Rb6 90. Nd3 Kf6 91. Ke8 Rb5 92. Nf2 Rf5 93. Ne4+ Ke6 94. Nd2 Rd5 95. Nb3 Kf6 96. Nc1 Rc5 97. Nb3 Re5+ 98. Kd8 Rb5 99. Nc1 Rd5+ 100. Ke8 Rc5 101. Nb3 Re5+ 102. Kd7 Rb5 103. Nc1 Rb2 104. Ke8 Ke6 105. Kf8 Rd2 106. Nb3 Rf2+ 107. Ke8 Kd5 108. Ke7 Rb2 109. Na1 Kc4 110. Ke6 Ra2 111. Nb3 Re2+ 112. Kf5 Kxb3 113. Kg5 Kc4 114. Kg4 Re5 115. Kf4 Kd4 116. Kf3 Re4 117. Kf2 Re3 118. Kg2 Kd3 119. Kf2 Kd2 120. Kg1 Ke1 121. Kg2 Ke2 122. Kh1 Rg3 123. Kh2 Kf2 124. Kh1 Rh3#) 80. Nd5+ Ke6 81. Nc7+ $2 {[%mdl 8192]} (81. Kh5 $15) 81... Kf7 $2 ({Better is} 81... Kf5 $19 82. Nd5 Rg1) 82. Nd5 $1 Ra4 (82... Rg6+ {looks sharper.} 83. Kh5 Rg3 84. Nf4 Kf6 85. Kh4 Rg8) 83. Ne3 Re4 84. Ng2 Kf6 {( -> ...Rg4)} 85. Kh5 {The position is equal.} Ra4 86. Nh4 Rb4 87. Nf3 Kf5 (87... Rc4 {with more complications.} 88. Nh4 Rd4 89. Ng2 Re4 90. Nh4 Rf4) 88. Nh4+ Ke4 89. Kg5 Rb5+ 90. Kf6 Rb1 91. Ng6 Rf1+ 92. Ke6 Rf5 93. Ne7 Ra5 94. Kd6 Rh5 95. Nc6 Kd3 96. Ne5+ Ke4 97. Nc6 Rd5+ 98. Ke6 Rd1 99. Ne7 Ra1 100. Nc6 Rh1 101. Kd6 $1 Rh5 102. Ne7 Rh6+ 103. Kc5 $1 Rh8 104. Kd6 Rd8+ 105. Kc5 Rd1 106. Nc6 Rd5+ 107. Kc4 Rd6 108. Kc5 Rd7 109. Nb4 Rc7+ 110. Nc6 $1 Rc8 111. Kd6 Kd3 112. Kd7 Rh8 113. Kd6 Kc4 114. Ne5+ Kb5 115. Kd5 {Accuracy: White = 57%, Black = 54%.} 1/2-1/2

[Event "SAIF POWERTEC 45th BAN Ch 2019"]
[Site "Dhaka"]
[Date "2019.11.09"]
[Round "8.11"]
[White "Anata, Choudhury"]
[Black "Nayem, Haque"]
[Result "1-0"]
[WhiteElo "2159"]
[BlackElo "1875"]
[Annotator "TA"]
[PlyCount "101"]
[EventDate "2019.11.02"]
[EventType "swiss"]
[EventCountry "BAN"]
[SourceTitle "playchess.com"]
[Source "ChessBase"]
[SourceQuality "1"]

{[%evp 9,101,27,43,9,5,9,53,25,28,16,37,51,51,34,33,12,34,37,299,278,302,281,268,278,415,419,440,431,428,377,369,150,580,448,440,437,424,392,497,497,531,523,534,533,526,514,519,497,506,506,762,741,764,775,890,890,866,824,706,0,854,809,29988,859,1209,1159,1276,1087,979,444,460,432,556,539,549,534,945,931,891,893,29982,29983,29987,29988,29988,7054,29987,29988,29988,29989,29989,29990,29990,29991]} 1. e4 e6 2. d4 d5 3. Nc3 dxe4 4. Nxe4 Nf6 5. Bd3 c5 (5... Nc6 6. Nf3 Nb4 7. Bb5+ Bd7 8. Nxf6+ gxf6 9. Bxd7+ Qxd7 10. a3 Nc6 11. O-O O-O-O 12. Be3 Rg8 13. g3 Qd5 {1-0 (52) Grischuk,A (2750)-Rapport,R (2698) chess.com INT 2017}) 6. Nxc5 {C10: French with 3 Nc3: Unusual Black 3rd moves and 3...dxe4} Bxc5 7. dxc5 Qa5+ 8. Bd2 {White is slightly better.} Qxc5 9. Nf3 Nc6 10. O-O O-O 11. Re1 e5 $146 ({Predecessor:} 11... b6 12. a3 {0-1 (58) Brito,L (2255)-De Magalhaes,J (2069) Joao Pessoa 2015}) 12. b4 {[%cal Bb2b4,Bb4b5,Bb5c6,Bc6b7][%mdl 32]} Qd5 13. b5 $36 {[%mdl 2048] Black is under pressure.} Bg4 $2 {[%mdl 8192]} (13... e4 $14) 14. bxc6 $18 e4 {[%cal Rg4f3]} 15. Bxe4 Nxe4 16. Bb4 $1 {[%csl LRd5,LRf8][%mdl 64] [#] Discovered Attack} Qxd1 (16... bxc6 $142 17. Bxf8 Kxf8) 17. Raxd1 Rfe8 18. cxb7 Rab8 19. h3 Bf5 20. Nd4 (20. Nh4 $18 {and White stays clearly on top.} Rxb7 21. Rd4 (21. Nxf5 Rxb4 22. f3 g6 $16)) 20... g6 $2 (20... Bd7 $16 21. a3 Rxb7) 21. f3 Rxb7 22. a3 ({Not} 22. fxe4 Rxb4 23. c3 (23. exf5 Rxe1+ 24. Rxe1 Rxd4 $14) (23. Nxf5 gxf5 24. exf5 Rxe1+ 25. Rxe1 h5 $16) 23... Rxd4 $18) 22... a5 23. fxe4 Bxe4 24. Bxa5 f5 25. Bb4 Rc8 26. Rd2 Rd7 27. Kf2 h5 28. Rxe4 fxe4 29. Ke3 Re8 (29... g5 $142 30. a4 Kf7) 30. c4 Rf7 31. c5 Rf1 32. c6 Re1+ 33. Re2 Rd1 34. Rd2 Re1+ 35. Ne2 {Intending c7 and mate.} Rb1 36. Rd6 (36. c7 $142 Kf7 37. Rd8 Rb3+ 38. Bc3 Rxc3+ 39. Nxc3 g5 40. Rxe8 Kxe8 41. c8=Q+ Ke7 42. Nd5+ Kf7 43. Kxe4) 36... Rb3+ 37. Nc3 Kf7 38. c7 {Rd8 would kill now.} Rc8 39. Kxe4 (39. Rd7+ $142 Ke6 40. Re7+ Kf6 41. Kd2 e3+ 42. Kc2 Rxc3+ 43. Kxc3) 39... Rxc7 40. Nd5 Rb7 41. Rf6+ Kg7 42. Bf8+ Kh7 43. Ne7 Rxe7+ 44. Bxe7 {[%mdl 4096] Endgame KRB-KR} Rb2 45. Rf7+ Kh6 46. h4 {[%csl Gh4][%cal Re7g5]} g5 47. hxg5+ Kg6 {[#]} 48. Rg7+ $3 {[%mdl 64] Decoy. White mates.} Kxg7 49. Bf6+ {[%mdl 64] Double Attack} Kg6 50. Bxb2 h4 51. a4 {Accuracy: White = 59%, Black = 40%.} 1-0